|
|
|
|
| LEADER |
00000nas a2200000 a 4500 |
| 001 |
ssj0000801136 |
| 003 |
WaSeSS |
| 005 |
20200512172242.0 |
| 006 |
m d |
| 007 |
cr n |
| 008 |
110601c20119999nyuar s 0 0eng c |
| 010 |
|
|
|a 2012247512
|
| 016 |
7 |
|
|a 019366731
|2 Uk
|
| 022 |
|
|
|a 2090-4665
|l 2090-4665
|
| 035 |
|
|
|a (WaSeSS)ssj0000801136
|
| 040 |
|
|
|a AU@
|b eng
|c AU@
|d UV0
|d OCLCQ
|d HKP
|d COD
|d CUS
|d OCLCF
|d CUS
|d OCLCO
|d OCLCQ
|d UKMGB
|d VT2
|d WaSeSS
|
| 042 |
|
|
|a pcc
|
| 050 |
|
4 |
|a QA299.6
|
| 210 |
0 |
|
|a ISRN math. anal.
|
| 222 |
|
0 |
|a ISRN Mathematical Analysis
|b (Online)
|
| 245 |
0 |
0 |
|a ISRN mathematical analysis
|h [electronic resource].
|
| 246 |
1 |
|
|a International Scholarly Research Network mathematical analysis
|
| 246 |
1 |
|
|a Mathematical analysis
|
| 260 |
|
|
|a New York, NY :
|b Hindawi Publishing Corporation
|
| 310 |
|
|
|a Annual
|
| 362 |
1 |
|
|a Began with vol. 2011 (2011).
|
| 506 |
|
|
|a License restrictions may limit access.
|
| 515 |
|
|
|a Articles added consecutively to current annual volume.
|
| 588 |
|
|
|a Description based on: Vol. 2011 (2011); title from journal information page (publisher's Web site, viewed Dec. 27, 2012).
|
| 588 |
|
|
|a Latest issue consulted: Vol. 2012 (2012) (viewed Dec. 27, 2012).
|
| 650 |
|
0 |
|a Mathematical analysis
|v Periodicals.
|
| 650 |
|
7 |
|a Mathematical analysis.
|2 fast
|0 (OCoLC)fst01012068
|
| 655 |
|
0 |
|a Electronic journals.
|
| 710 |
2 |
|
|a International Scholarly Research Network.
|
| 776 |
0 |
8 |
|i Print version:
|t ISRN Mathematical analysis
|x 2090-4657
|
| 856 |
4 |
0 |
|z Full text available from Research Library: 01/01/2011 to 01/31/2014
|u https://search.proquest.com/publication/686337
|